[Event "34th Chess Olympiad (men)"]
[Site "Istanbul"]
[Date "2000.11.09"]
[Round "12.26.2"]
[White "Aung, Aung"]
[Black "Rocha, Sergio"]
[WhiteElo "2520"]
[BlackElo "2374"]
[WhiteCountry "MYA"]
[BlackCountry "POR"]
[Result "0-1"]

1. d4 d6 2. c4 e5 3. dxe5 Nc6 4. Nf3 Bg4 5. e3 dxe5 6. Qxd8+ Rxd8 7. h3 Bxf3 
8. gxf3 Nb4 9. Na3 Nd3+ 10. Bxd3 Rxd3 11. Ke2 Rd7 12. b3 Ne7 13. Bb2 Nc6 
14. Rad1 Bc5 15. Nb5 a6 16. Nc3 Rf8 17. Rhg1 g6 18. Rd5 Be7 19. Rgd1 Rd8 
20. Ne4 f6 21. a3 Kf7 22. b4 Nb8 23. Bc3 Rxd5 24. cxd5 Nd7 25. a4 f5 
26. Ng3 Bd6 27. e4 Ke7 28. Bd2 Nb6 29. Ra1 Nc4 30. Bc3 b5 31. axb5 axb5 
32. Ra7 Kd7 33. Be1 Ke7 34. Nf1 Kd7 35. Nd2 Nxd2 36. Bxd2 Rb8 37. Kd3 Kc8 
38. Kc3 f4 39. Kb3 Kd7 40. Bc3 Ke7 41. Ra1 Kf6 42. Rg1 Ra8 43. Rg4 g5 
44. h4 gxh4 45. Rxf4+ Kg5 46. Rg4+ Kh5 47. Bd2 h6 48. Rg1 Rf8 49. f4 exf4 
50. f3 Be5 51. Be1 Bf6 52. Rh1 Rg8 53. e5 Bd8 54. Kc3 Rg3 55. Kd4 Rxf3 
56. d6 cxd6 57. exd6 h3 58. d7 Kg4 59. Bd2 Rf2 60. Kd3 h2 61. Bc3 Kh3 
62. Bd4 Ra2 63. Be5 Kg2 64. Rxh2+ Kxh2 65. Bxf4+ Kg2 66. Kd4 
0-1

[Event "34th Chess Olympiad (men)"]
[Site "Istanbul"]
[Date "2000.11.09"]
[Round "12.26.4"]
[White "Wynn, Zaw Htun"]
[Black "Dias, Paulo"]
[WhiteElo "2434"]
[BlackElo "2302"]
[WhiteCountry "MYA"]
[BlackCountry "POR"]
[Result "0-1"]

1. e4 e6 2. d4 d5 3. Nc3 Bb4 4. e5 Ne7 5. a3 Bxc3+ 6. bxc3 c5 7. Qg4 cxd4 
8. cxd4 Qc7 9. Bd2 Qxc2 10. Rc1 Qe4+ 11. Qxe4 dxe4 12. g3 Bd7 13. Bg2 Bc6 
14. Ne2 Nd7 15. O-O f5 16. exf6 gxf6 17. Rfe1 Kf7 18. Nf4 f5 19. Bh3 Rac8 
20. Rc2 Nf6 21. Rc5 b6 22. Rc2 Ba4 23. Rcc1 Bd7 24. Bf1 Rxc1 25. Rxc1 Rc8 
26. Rxc8 Nxc8 27. Ba6 Nd6 28. Bb4 Nfe8 29. Be2 a5 30. Bc3 Nc7 31. Bb2 Bb5 
32. Bxb5 Ndxb5 33. a4 Nd6 34. Bc3 Nc4 35. Kf1 Ke7 36. Ke2 Kd6 37. Kd1 Nd5 
38. Ne2 Kc6 39. Kc2 b5 40. Kb3 Kb6 41. Be1 Nd6 42. Bd2 bxa4+ 43. Kxa4 Nc4 
44. Bc1 Ka6 45. g4 fxg4 46. Ng3 Nd6 47. Ba3 Nb6+ 48. Kb3 Nbc4 49. Bxd6 Nxd6 
50. Ka4 Kb6 51. Nh5 Ne8 52. Nf4 Ng7 53. Ne2 Nf5 54. Nc3 e3 55. fxe3 Nxe3 
0-1

[Event "34th Chess Olympiad (men)"]
[Site "Istanbul"]
[Date "2000.11.09"]
[Round "12.27.2"]
[White "Bagheri, Amir"]
[Black "Gallegos, Carlos"]
[WhiteElo "2409"]
[BlackElo "2000"]
[WhiteCountry "IRI"]
[BlackCountry "VEN"]
[Result "1/2-1/2"]

1. d4 Nf6 2. Nf3 c5 3. c3 e6 4. Bf4 Nc6 5. e3 d5 6. Nbd2 Bd6 7. dxc5 Bxc5 
8. Bd3 O-O 9. O-O Re8 10. e4 e5 11. Bg5 Be7 12. Bxf6 Bxf6 13. exd5 Qxd5 
14. Qc2 h6 15. Bc4 Qc5 16. b4 Qe7 17. Ne4 Be6 18. Nfd2 g6 19. Rad1 Bg7 
20. Bxe6 Qxe6 21. Nc5 Qe7 22. Nc4 Rad8 23. Ne4 
1/2-1/2

[Event "34th Chess Olympiad (men)"]
[Site "Istanbul"]
[Date "2000.11.09"]
[Round "12.27.4"]
[White "Abbasifar, Hasan"]
[Black "Blanco, Cristobal J"]
[WhiteElo "2375"]
[BlackElo "2185"]
[WhiteCountry "IRI"]
[BlackCountry "VEN"]
[Result "0-1"]

1. d4 d5 2. e4 dxe4 3. Nc3 Nf6 4. f3 exf3 5. Nxf3 g6 6. Bc4 Bg7 7. O-O O-O 
8. Qe1 Bg4 9. Qh4 Nc6 10. Be3 Qc8 11. h3 Bxf3 12. Rxf3 Qd7 13. Ne2 Nd5 
14. Bh6 e6 15. c3 Nce7 16. g4 f6 17. Bd2 Qc6 18. Bb3 a5 19. Qf2 a4 20. Bc2 f5 
21. Ng3 fxg4 22. hxg4 Rxf3 23. Qxf3 Rf8 24. Qe4 e5 25. Ne2 Qf6 26. Qg2 Qb6 
27. Bxa4 Qxb2 28. Rd1 Qxa2 29. Bd7 Qc2 30. Be6+ Kh8 31. Rf1 Qxd2 32. Rxf8+ Bxf8 
33. dxe5 Qe3+ 34. Qf2 Qxf2+ 35. Kxf2 Bg7 36. Kf3 Bxe5 37. c4 Nc3 38. Nc1 Kg7 
39. g5 Nc6 40. Bc8 b6 41. Nd3 Bd6 42. Ke3 Ne5 43. Kd4 
0-1

[Event "34th Chess Olympiad (men)"]
[Site "Istanbul"]
[Date "2000.11.09"]
[Round "12.28.3"]
[White "Chumfwa, Stanley"]
[Black "Uribe, Mauricio"]
[WhiteElo "2200"]
[BlackElo "2293"]
[WhiteCountry "ZAM"]
[BlackCountry "COL"]
[Result "1/2-1/2"]

1. Nf3 Nf6 2. c4 b6 3. g3 Bb7 4. Bg2 e6 5. O-O c5 6. Nc3 Be7 7. Re1 d6 
8. e4 Nbd7 9. d4 cxd4 10. Nxd4 Qb8 11. Nd5 exd5 12. exd5 Kd8 13. Nc6+ Bxc6 
14. dxc6 Qc7 15. cxd7 Rb8 16. Bf4 Qxd7 17. b4 Rc8 18. Bh3 Qxh3 19. Rxe7 d5 
20. Rxa7 Rxc4 21. Bg5 Qe6 22. Ra8+ Rc8 23. Ra6 Re8 24. Qd4 Rc4 25. Bxf6+ gxf6 
26. Qxb6+ Qxb6 27. Rxb6 Re6 28. Rb5 Rd6 29. Rd1 d4 30. Rd3 Kc7 31. a3 Rc3 
32. Rc5+ Rxc5 33. bxc5 Rd5 34. Kf1 Kc6 35. Ke2 Kxc5 36. Rf3 Kc4 37. Rxf6 Rb5 
38. Rc6+ Kd5 39. Rc2 Rb3 40. Ra2 Kc4 41. a4 Kc3 42. a5 d3+ 43. Ke3 Rb7 44. Ke4 
1/2-1/2

[Event "34th Chess Olympiad (men)"]
[Site "Istanbul"]
[Date "2000.11.09"]
[Round "12.28.4"]
[White "Renteria, Jorge"]
[Black "Phiri, Payani"]
[WhiteElo "2271"]
[BlackElo "2114"]
[WhiteCountry "COL"]
[BlackCountry "ZAM"]
[Result "1-0"]

1. e4 c5 2. Nf3 d6 3. d4 cxd4 4. Nxd4 Nf6 5. Nc3 Nc6 6. Bg5 e6 7. Qd2 a6 
8. O-O-O h6 9. Be3 Nxd4 10. Bxd4 b5 11. f3 Be7 12. Kb1 b4 13. Ne2 e5 
14. Be3 Qa5 15. Nc1 Be6 16. Nb3 Qa4 17. Bd3 Rc8 18. h3 d5 19. Qe2 d4 
20. Bf2 O-O 21. f4 Nd7 22. f5 Bxb3 23. cxb3 Qa5 24. h4 Rc6 25. g4 Rfc8 
26. g5 hxg5 27. hxg5 Bxg5 28. Rdg1 Bh6 29. f6 Rxf6 30. Qg4 Qc7 31. Bc4 Rf4 
32. Qg2 Qd6 33. Be1 Qf6 34. Qh3 Rc7 35. Bd2 Rf2 36. Bxh6 Rxc4 
1-0

[Event "34th Chess Olympiad (men)"]
[Site "Istanbul"]
[Date "2000.11.09"]
[Round "12.29.1"]
[White "Kveinys, Aloyzas"]
[Black "Mas, Hafizul Hilmi"]
[WhiteElo "2522"]
[BlackElo "2441"]
[WhiteCountry "LTU"]
[BlackCountry "MAS"]
[Result "1/2-1/2"]

1. d4 Nf6 2. c4 d6 3. g3 c6 4. Bg2 Nbd7 5. Nf3 e5 6. O-O Be7 7. Nc3 O-O 
8. e4 Re8 9. Rb1 Bf8 10. Re1 a6 11. b4 exd4 12. Qxd4 Ne5 13. Bf4 Qe7 
14. Nd2 Nh5 15. Bxe5 Qxe5 16. Nb3 Nf6 17. Qxe5 Rxe5 18. f4 Re8 19. c5 a5 
20. b5 a4 21. Nd2 d5 22. exd5 Bxc5+ 23. Kh1 Rxe1+ 24. Rxe1 Bb4 25. Ndb1 cxd5 
26. a3 Ba5 27. Rc1 Be6 28. Nxa4 Ne4 29. Bf3 f5 30. Kg2 d4 31. Nb2 Rd8 
32. Be2 Kf8 33. Kf1 Ke7 34. Bd3 Kf6 35. Nc4 Rc8 36. Rc2 Bd8 37. Ncd2 Rxc2 
38. Bxc2 Nc3 39. a4 Ba5 40. Nxc3 dxc3 41. Nf3 Bc4+ 42. Ke1 Bd5 43. Nd4 g6 
44. Ke2 Bb6 45. Nf3 Bxf3+ 46. Kxf3 
1/2-1/2

[Event "34th Chess Olympiad (men)"]
[Site "Istanbul"]
[Date "2000.11.09"]
[Round "12.29.2"]
[White "Mok, Tze-Meng"]
[Black "Ruzele, Darius"]
[WhiteElo "2308"]
[BlackElo "2541"]
[WhiteCountry "MAS"]
[BlackCountry "LTU"]
[Result "0-1"]

1. g3 d5 2. Bg2 c6 3. d4 Bf5 4. Nf3 e6 5. O-O Nf6 6. c4 Nbd7 7. Qb3 Qb6 
8. Qxb6 axb6 9. cxd5 exd5 10. Nc3 b5 11. Nh4 Bc2 12. Bf4 h6 13. Rfc1 Bh7 
14. Nf3 b4 15. Nd1 Be7 16. Ne1 O-O 17. Nc2 Ra6 18. Bd2 Bxc2 19. Rxc2 b3 
20. Rcc1 bxa2 21. Nc3 Rfa8 22. Rc2 Bb4 23. b3 Bxc3 24. Bxc3 Rb6 25. b4 Rba6 
26. e3 Ne4 27. Be1 Nd6 28. Bf1 Ra3 29. b5 Nxb5 30. Bxb5 cxb5 31. Rb2 R8a6 
32. Kf1 f5 33. Ke2 g5 34. h3 Kf7 35. Kd1 f4 36. gxf4 gxf4 37. exf4 R6a4 
38. Rxb5 Rxd4+ 39. Kc2 b6 40. Bd2 Ra6 41. Be3 Rc4+ 42. Kb3 Nc5+ 43. Bxc5 bxc5 
44. Rxa2 Rxa2 45. Kxa2 Ke6 46. Rb6+ Kf5 47. Rxh6 Rxf4 48. Rh8 Rxf2+ 49. Kb3 Ke4 
50. h4 Kd3 51. h5 c4+ 52. Kb4 c3 53. Rc8 Rb2+ 54. Kc5 c2 55. Kxd5 Rb5+ 
0-1

[Event "34th Chess Olympiad (men)"]
[Site "Istanbul"]
[Date "2000.11.09"]
[Round "12.29.3"]
[White "Sakalauskas, Vaidas"]
[Black "Wong, Zi Jing"]
[WhiteElo "2420"]
[BlackElo "2300"]
[WhiteCountry "LTU"]
[BlackCountry "MAS"]
[Result "1-0"]

1. d4 Nf6 2. Nf3 c5 3. d5 g6 4. c4 b5 5. cxb5 a6 6. b6 d6 7. Nc3 Qxb6 8. e4 Bg7 
9. Be2 O-O 10. O-O Nbd7 11. Nd2 Ne8 12. Nc4 Qa7 13. Bg5 Ne5 14. Ne3 f5 
15. exf5 gxf5 16. Nc4 Rb8 17. Qd2 Rb4 18. b3 Qd7 19. Rac1 Nc7 20. Bh6 Bxh6 
21. Qe3 Bg5 22. Qd2 Rf6 23. Rfe1 Ng6 24. Bh5 Kh8 25. Rcd1 Bb7 26. Bxg6 Rxg6 
27. Nb5 Rxb5 28. f3 Ba8 29. Re2 Rb8 30. Rde1 Rg7 31. Qc3 e5 32. dxe6 Qe7 
33. Rd1 d5 34. Qe5 Rd8 35. Ne3 Rf8 36. Nxf5 Rxf5 37. Qxf5 d4 38. b4 
1-0

[Event "34th Chess Olympiad (men)"]
[Site "Istanbul"]
[Date "2000.11.09"]
[Round "12.29.4"]
[White "Ismail, Ahmad"]
[Black "Slapikas, Vytautas"]
[WhiteElo "2068"]
[BlackElo "2430"]
[WhiteCountry "MAS"]
[BlackCountry "LTU"]
[Result "0-1"]

1. d4 e6 2. Nf3 d5 3. Bf4 Nf6 4. e3 c5 5. c3 Nc6 6. Bd3 Be7 7. Nbd2 a6 
8. a4 Bd7 9. Ne5 O-O 10. h4 Be8 11. g4 Nd7 12. Ndf3 cxd4 13. exd4 Ncxe5 
14. dxe5 f6 15. Qc2 h6 16. Nd4 Nc5 17. Bh7+ Kh8 18. b4 fxe5 19. Bxe5 Bf6 
20. f4 Bxe5 21. fxe5 Bxa4 22. Rxa4 Nxa4 23. Nxe6 Qb6 24. Nd4 Nxc3 25. Qxc3 Rac8 
26. Qd2 Rc4 27. Ne2 Kxh7 28. g5 Rxb4 29. g6+ Kh8 30. h5 Qf2+ 31. Kd1 Rb1+ 
32. Nc1 Qf3+ 33. Kc2 Rb6 
0-1

[Event "34th Chess Olympiad (men)"]
[Site "Istanbul"]
[Date "2000.11.09"]
[Round "12.30.2"]
[White "Wong, Meng-Kong"]
[Black "Maherramzade, Javad"]
[WhiteElo "2507"]
[BlackElo "2433"]
[WhiteCountry "SIN"]
[BlackCountry "AZE"]
[Result "1/2-1/2"]

1. Nf3 c5 2. c4 g6 3. g3 Bg7 4. Bg2 Nc6 5. O-O e6 6. Nc3 Nge7 7. d3 O-O 
8. Re1 d5 9. Nd2 d4 10. Na4 b6 11. a3 a5 12. b4 axb4 13. axb4 cxb4 14. Bb2 Rb8 
15. Qc2 e5 16. Nb3 Be6 17. Bc1 Rc8 18. Qb2 Nb8 19. Bd2 Nec6 20. Nc1 Na6 
21. Na2 Re8 22. Nxb4 Naxb4 23. Bxb4 Nxb4 24. Qxb4 Rb8 25. Reb1 Bf8 26. Qb5 Bd7 
27. Bc6 Bxc6 28. Qxc6 Re6 29. Qb5 e4 30. c5 exd3 31. exd3 Re5 32. Nxb6 Bxc5 
33. Qd7 Bxb6 34. Qxd8+ Rxd8 35. Rxb6 Rc5 36. Rb7 Rc3 37. Raa7 Rf8 38. Rd7 Rxd3 
1/2-1/2

[Event "34th Chess Olympiad (men)"]
[Site "Istanbul"]
[Date "2000.11.09"]
[Round "12.30.3"]
[White "Mirzoev, Azer"]
[Black "Chan, Peng-Kong"]
[WhiteElo "2414"]
[BlackElo "2395"]
[WhiteCountry "AZE"]
[BlackCountry "SIN"]
[Result "1/2-1/2"]

1. d4 d5 2. Nf3 Nf6 3. c4 c6 4. Nc3 dxc4 5. e3 Bg4 6. Bxc4 e6 7. O-O Be7 
8. h3 Bh5 9. Qe2 O-O 10. Rd1 Qc7 11. e4 b5 12. Bb3 a6 13. e5 Nd5 14. Ne4 Nd7 
15. Ng3 Bg6 16. Bg5 N7b6 17. Rac1 Rac8 18. Ne4 Bxg5 19. Nfxg5 Qe7 20. Nf3 Nf4 
21. Qe3 Nbd5 22. Bxd5 Nxd5 23. Qe1 Qa7 24. Nd6 Rc7 25. Rc5 Qb6 26. Qd2 h6 
27. Rdc1 Rd8 28. Nh2 Ne7 29. Ng4 Nf5 30. Qf4 Rcd7 31. Kh2 Nxd6 32. Rxc6 Qb8 
33. exd6 Rxd6 34. Ne5 Rxd4 35. Qg3 Rd2 36. Rc7 Qb6 37. Nxg6 fxg6 38. R1c6 Qxf2 
39. Rxe6 Qxg3+ 40. Kxg3 Kh7 41. Rxa6 Rxb2 42. Raa7 Rdd2 43. Rxg7+ Kh8 
44. Rgc7 Rxg2+ 45. Kf4 Rgf2+ 46. Ke5 Rbe2+ 47. Kd5 Rd2+ 48. Ke5 Rde2+ 49. Kd5 
1/2-1/2

[Event "34th Chess Olympiad (men)"]
[Site "Istanbul"]
[Date "2000.11.09"]
[Round "12.30.4"]
[White "Ong, Chong-Ghee"]
[Black "Bagirov, Rufat"]
[WhiteElo "2342"]
[BlackElo "2471"]
[WhiteCountry "SIN"]
[BlackCountry "AZE"]
[Result "1/2-1/2"]

1. c4 e6 2. d4 d5 3. Nf3 Nf6 4. g3 Be7 5. Bg2 O-O 6. O-O dxc4 7. Qc2 a6 
8. a4 Bd7 9. Qxc4 Bc6 10. Bg5 Bd5 11. Qd3 c5 12. Nc3 Bc6 13. Rfd1 cxd4 
14. Nxd4 Bxg2 15. Kxg2 Nbd7 16. f4 Rc8 17. e4 Qb6 18. e5 Qxb2+ 19. Nce2 Nc5 
20. Qc3 Qxc3 21. Nxc3 Ng4 22. Bxe7 Ne3+ 23. Kf3 Nxd1 24. Rxd1 Rfe8 
25. Bxc5 Rxc5 26. Ne4 Rd5 27. Nd6 Rb8 28. Ke4 Rc5 29. g4 h5 30. f5 Ra5 
31. Ra1 b5 32. fxe6 fxe6 33. gxh5 Rxa4 34. Rg1 Kh7 35. Rg6 Rf8 36. Rxe6 Rf2 
37. N6f5 Rxf5 38. Kxf5 Rxd4 39. Rxa6 Rh4 40. Rb6 Rxh5+ 41. Ke4 
1/2-1/2

[Event "34th Chess Olympiad (men)"]
[Site "Istanbul"]
[Date "2000.11.09"]
[Round "12.31.1"]
[White "Gonzalez, Bernal"]
[Black "Egger, Jorge"]
[WhiteElo "2428"]
[BlackElo "2433"]
[WhiteCountry "CRC"]
[BlackCountry "CHI"]
[Result "0-1"]

1. e4 c5 2. Nc3 Nc6 3. g3 g6 4. Bg2 Bg7 5. d3 d6 6. f4 Nf6 7. Nf3 O-O 
8. O-O Rb8 9. h3 b5 10. a3 a5 11. Be3 b4 12. axb4 axb4 13. Ne2 Bb7 14. b3 Ra8 
15. Rc1 Ra2 16. g4 Qb6 17. Qe1 Rfa8 18. f5 Rb2 19. fxg6 hxg6 20. Qf2 Qd8 
21. e5 dxe5 22. Nd2 Qe8 23. Nc4 Rba2 24. Bxc5 Nd7 25. Bd5 e6 26. Nd6 Qe7 
27. Bg2 Nxc5 28. Qxc5 Bf8 29. Qf2 f5 30. Nxb7 Qxb7 31. gxf5 exf5 32. Bd5+ Kh7 
33. Ng3 Rd8 34. Ne4 Bh6 35. Qh4 Qe7 36. Nf6+ Kg7 37. Bxc6 Qxf6 38. Qxf6+ Kxf6 
39. Ra1 Rxc2 40. Ra6 Be3+ 41. Kh1 Rd6 42. Bb5 Rxa6 43. Bxa6 Bf4 44. Kg1 Bh2+ 
45. Kh1 Bg3 46. Rf3 f4 47. Kg1 Rc3 48. Bc4 e4 
0-1

[Event "34th Chess Olympiad (men)"]
[Site "Istanbul"]
[Date "2000.11.09"]
[Round "12.31.2"]
[White "Michel, Yunis Christian D"]
[Black "Hernandez, Basante Francisco"]
[WhiteElo "2380"]
[BlackElo "2309"]
[WhiteCountry "CHI"]
[BlackCountry "CRC"]
[Result "1-0"]

1. d4 Nf6 2. Nf3 c5 3. d5 b5 4. Bg5 d6 5. Bxf6 exf6 6. e4 Qb6 7. Nbd2 g6 
8. a4 b4 9. Bb5+ Bd7 10. Nc4 Qc7 11. Qd2 a6 12. Bxd7+ Nxd7 13. O-O Ne5 
14. Nfxe5 fxe5 15. a5 h5 16. c3 Bh6 17. Qc2 bxc3 18. Qa4+ Kf8 19. bxc3 Kg7 
20. Rab1 Rad8 21. Rb6 Qe7 22. Rxa6 Bf4 23. g3 Bg5 24. Qc2 h4 25. Rb6 Ra8 
26. Rxd6 Rxa5 27. Rxg6+ fxg6 28. Nxa5 c4 29. Rb1 Qc5 30. Nc6 Rf8 31. Rf1 hxg3 
32. hxg3 Rf3 33. Kg2 Rd3 34. Nxe5 Rd2 35. Qa4 Qe7 36. Nf3 Qxe4 37. Qd7+ Kf8 
38. Re1 Be3 39. Qc8+ Ke7 40. Qc5+ 
1-0

[Event "34th Chess Olympiad (men)"]
[Site "Istanbul"]
[Date "2000.11.09"]
[Round "12.31.3"]
[White "Bermudez, Sergio"]
[Black "Salas, Cristian"]
[WhiteElo "2185"]
[BlackElo "2300"]
[WhiteCountry "CRC"]
[BlackCountry "CHI"]
[Result "0-1"]

1. e4 c5 2. Nf3 d6 3. d4 cxd4 4. Nxd4 Nf6 5. Nc3 Nc6 6. f3 e6 7. Be3 d5 
8. Bb5 Bd7 9. exd5 exd5 10. O-O Bc5 11. Kh1 Be7 12. Qe2 O-O 13. Rad1 Re8 
14. Qf2 Qc7 15. Ba4 a6 16. Bb3 Qe5 17. Nde2 d4 18. Bf4 Qf5 19. g4 Qg6 
20. Nxd4 Bc5 21. Be3 Rxe3 22. Qxe3 Re8 23. Qf4 Nxd4 24. Rxd4 Bxd4 25. Qxd4 Bc6 
26. Kg1 Qg5 27. Qf2 h6 28. h3 Qf4 29. Ne2 Qe5 30. Nd4 Bd7 31. c3 Nd5 32. f4 Qd6 
33. Qf3 Bc6 34. Nxc6 bxc6 35. Bxd5 Qc5+ 36. Kg2 cxd5 37. Rd1 Re4 38. Rd2 Re1 
39. Qf2 Qe7 40. Qf3 Qe6 41. Kf2 Rb1 42. Qe3 Rf1+ 
0-1

[Event "34th Chess Olympiad (men)"]
[Site "Istanbul"]
[Date "2000.11.09"]
[Round "12.31.4"]
[White "Abarca, Manuel"]
[Black "Trejos, Enrique"]
[WhiteElo "2000"]
[BlackElo "2000"]
[WhiteCountry "CHI"]
[BlackCountry "CRC"]
[Result "1/2-1/2"]

1. d4 c5 2. d5 Nf6 3. Nc3 g6 4. e4 d6 5. Be2 Bg7 6. Nf3 O-O 7. O-O a6 8. a4 b6 
9. h3 Ra7 10. Bf4 Rd7 11. Qc1 Bb7 12. Bc4 Qc8 13. Re1 Rdd8 14. Bg3 Kh8 
15. Rd1 Nbd7 16. Qe3 Rfe8 17. e5 dxe5 18. Nxe5 Nxe5 19. Bxe5 Nd7 20. Bxg7+ Kxg7 
21. Re1 Nf6 22. Rad1 Qf5 23. Qe2 Nxd5 24. Bxd5 Bxd5 25. Nxd5 Rxd5 26. Rxd5 Qxd5 
27. Qxa6 Ra8 28. Qxb6 Rxa4 29. Qc7 e6 
1/2-1/2

[Event "34th Chess Olympiad (men)"]
[Site "Istanbul"]
[Date "2000.11.09"]
[Round "12.32.1"]
[White "Espinosa, Rafael"]
[Black "Danner, Georg"]
[WhiteElo "2406"]
[BlackElo "2437"]
[WhiteCountry "MEX"]
[BlackCountry "AUT"]
[Result "1/2-1/2"]

1. e4 c5 2. c3 Nf6 3. e5 Nd5 4. d4 cxd4 5. Nf3 e6 6. cxd4 b6 7. Nc3 Nxc3 8.
bxc3 Qc7 9. Bd2 Be7 10. Bd3 Ba6 11. Bxa6 Nxa6 12. Qe2 Nb8 13. c4 Qb7 14. O-O
O-O 15. Bg5 d6 16. Rfd1 dxe5 17. Bxe7 Qxe7 18. Nxe5 1/2-1/2

[Event "34th Chess Olympiad (men)"]
[Site "Istanbul"]
[Date "2000.11.09"]
[Round "12.32.2"]
[White "Weiss, Christian"]
[Black "Gonzalez, Garcia Jose"]
[WhiteElo "2386"]
[BlackElo "2440"]
[WhiteCountry "AUT"]
[BlackCountry "MEX"]
[Result "1/2-1/2"]

1. g3 d5 2. d4 c5 3. Nf3 cxd4 4. Nxd4 e5 5. Nb3 Nc6 6. Bg2 Be6 7. O-O Nf6 8.
Bg5 Be7 9. Bxf6 gxf6 10. Nc3 d4 11. Ne4 Qb6 12. c3 f5 13. Ned2 Rd8 14. cxd4
Nxd4 15. Nxd4 Qxd4 16. Nf3 Qb4 17. Qc1 e4 18. Ng5 O-O 19. Qf4 Qd2 20. e3 Qxb2
21. Rab1 Qg7 22. Nxe6 fxe6 23. Qc7 b6 24. Qxa7 Bc5 25. Qa4 Qd7 1/2-1/2

[Event "34th Chess Olympiad (men)"]
[Site "Istanbul"]
[Date "2000.11.09"]
[Round "12.32.4"]
[White "Miniboeck, Guenter"]
[Black "Russek, Guil"]
[WhiteElo "2413"]
[BlackElo "2400"]
[WhiteCountry "AUT"]
[BlackCountry "MEX"]
[Result "1/2-1/2"]

1. d4 e6 2. c4 d5 3. Nc3 Nf6 4. cxd5 exd5 5. Bg5 Be7 6. e3 O-O 7. Bd3 Nbd7 8.
Nf3 Re8 9. Qc2 Nf8 10. O-O c6 11. h3 Ne4 12. Bf4 Ng5 13. Bxg5 Bxg5 14. b4 Be7
15. b5 Bd6 16. bxc6 bxc6 17. Bf5 Bxf5 18. Qxf5 Re6 19. Nd2 Rf6 20. Qh5 Rh6 21.
Qe2 Qg5 22. Nf3 Qf5 23. Rfc1 Re8 24. Rab1 Ree6 25. Kf1 Reg6 26. Ng1 Bh2 27. Qf3
Qd3+ 28. Qe2 Qf5 29. Qf3 Qd3+ 30. Qe2 Qf5 1/2-1/2

[Event "34th Chess Olympiad (men)"]
[Site "Istanbul"]
[Date "2000.11.09"]
[Round "12.33.1"]
[White "Quinn, Mark"]
[Black "Adhami, Vangiel"]
[WhiteElo "2381"]
[BlackElo "2310"]
[WhiteCountry "IRL"]
[BlackCountry "ALB"]
[Result "1-0"]

1. c4 c5 2. Nc3 g6 3. g3 Bg7 4. Bg2 Nc6 5. Nf3 d6 6. O-O Nh6 7. e3 Nf5 
8. Rb1 O-O 9. a3 a5 10. d3 Bd7 11. Bd2 e6 12. b3 Rb8 13. Qc2 b6 14. Rfc1 Qe7 
15. Ne1 Rfc8 16. Qa2 Be8 17. Qc2 Qd8 18. Qd1 h6 19. Nc2 Ne5 20. Be1 Nc6 
21. b4 axb4 22. axb4 Nfe7 23. b5 Ne5 24. f4 Nd7 25. Qf3 f5 26. h3 Bf7 
27. e4 Kh7 28. exf5 gxf5 29. Ne3 Nf6 30. g4 Qh8 31. Ra1 Rc7 32. Ra3 Bg6 
33. Ne2 Rf8 34. Bh4 Qg8 35. Rc2 Qf7 36. Rca2 Nc8 37. Ng3 Ne8 38. gxf5 exf5 
39. Nd5 Rd7 40. Ra8 Bd4+ 41. Kh2 Rc7 42. Bd8 h5 43. Nxc7 Nxc7 44. Rxc8 Ne6 
45. Raa8 Qg8 46. Bxb6 h4 47. Ne2 Kh6 48. Rxf8 
1-0

[Event "34th Chess Olympiad (men)"]
[Site "Istanbul"]
[Date "2000.11.09"]
[Round "12.33.2"]
[White "Pustina, Ylvi"]
[Black "Heidenfeld, Mark"]
[WhiteElo "2286"]
[BlackElo "2375"]
[WhiteCountry "ALB"]
[BlackCountry "IRL"]
[Result "0-1"]

1. d4 e6 2. e4 d5 3. exd5 exd5 4. Bd3 c5 5. c3 Bd6 6. dxc5 Bxc5 7. Nf3 Qe7+ 
8. Qe2 Nc6 9. Qxe7+ Ngxe7 10. Nbd2 Bf5 11. Bxf5 Nxf5 12. Nb3 Bb6 13. O-O f6 
14. Rd1 Rd8 15. Nbd4 Ncxd4 16. cxd4 Kd7 17. Bd2 Rhe8 18. Bc3 h5 19. Kf1 Re4 
20. Rd3 Rde8 21. Rad1 Bc7 22. h3 g5 23. Nd2 R4e6 24. Nb3 b6 25. a4 g4 
26. hxg4 hxg4 27. g3 Rh8 28. Kg2 Rh3 29. Nc1 Nd6 30. Rh1 Ne4 31. Rdd1 f5 
32. Nd3 Reh6 33. Rxh3 Rxh3 34. Be1 Ng5 35. Bc3 Ne4 36. Be1 Bd6 37. Bc3 Ke6 
38. Be1 f4 39. gxf4 Kf5 40. Kf1 Bxf4 41. a5 Bd6 42. axb6 axb6 43. Bb4 Rh1+ 
44. Ke2 Rxd1 45. Kxd1 Nxf2+ 46. Nxf2 Bxb4 47. Ke2 Be7 48. Nd1 Ke4 49. Nf2+ Kf4 
50. Nd1 Bf6 51. Ne3 Bxd4 52. Nxd5+ Ke4 
0-1

[Event "34th Chess Olympiad (men)"]
[Site "Istanbul"]
[Date "2000.11.09"]
[Round "12.33.3"]
[White "Daly, Colm"]
[Black "Sula, Zegir"]
[WhiteElo "2357"]
[BlackElo "2348"]
[WhiteCountry "IRL"]
[BlackCountry "ALB"]
[Result "1-0"]

1. Nf3 c5 2. g3 Nc6 3. Bg2 g6 4. O-O Bg7 5. d3 d6 6. c4 Nf6 7. Nc3 O-O 
8. Rb1 Bd7 9. a3 a5 10. Ne1 Ne8 11. Bd2 Nc7 12. Nc2 Rb8 13. Nb5 Nxb5 
14. cxb5 Na7 15. a4 b6 16. Bc3 e5 17. e3 Be6 18. b3 Nc8 19. d4 Ne7 20. d5 Bc8 
21. e4 f5 22. f3 g5 23. Na3 Ng6 24. Nc4 h5 25. Rb2 f4 26. g4 hxg4 27. fxg4 Rb7 
28. Bf3 Bf6 29. h3 Rh7 30. Rh2 Kf7 31. Be1 Rfh8 32. Kg2 Qc7 33. Rfh1 Bd8 
34. Bf2 Qe7 35. Qe1 Bd7 36. Qg1 Qf6 37. Kf1 Kg8 38. Ke2 Be8 39. Kd3 Bf7 
40. Kc2 Kf8 41. h4 gxh4 42. g5 Qe7 43. Qg4 Kg7 44. Qf5 Bc7 45. Qh3 Be8 
46. Bg4 Rh5 47. Bxh5 Rxh5 48. Qf3 Rxg5 49. Bxh4 Nxh4 50. Rxh4 Bg6 51. Rg4 Kf7 
52. Rxg5 Qxg5 53. Nd2 Bd8 54. Qh3 Be7 55. Kd3 Kg7 56. Nf3 Qf6 57. Rg1 Qf7 
58. Kc4 Bf6 59. Qh5 Qe8 60. Kd3 Qf7 61. Ke2 Qe8 62. Nd2 Bd8 63. Nc4 Bc7 
64. Kf3 Qf7 65. Qf5 Kh6 66. Qg5+ Kh7 67. Rh1+ Kg8 68. Nd2 Qg7 69. Rg1 Kh7 
70. Kf2 Qh6 71. Nf3 Qxg5 72. Nxg5+ Kh6 73. Ne6 Bb8 74. Rh1+ Bh5 75. Ng7 Kxg7 
76. Rxh5 Bc7 77. Kf3 Bd8 78. Kg4 Be7 79. Kf5 Bf8 80. Ke6 Kg6 81. Rf5 Kg7 
82. Kd7 Kg8 83. Kc7 
1-0

[Event "34th Chess Olympiad (men)"]
[Site "Istanbul"]
[Date "2000.11.09"]
[Round "12.33.4"]
[White "Mehmeti, Dritan"]
[Black "Orr, Mark"]
[WhiteElo "2000"]
[BlackElo "2309"]
[WhiteCountry "ALB"]
[BlackCountry "IRL"]
[Result "0-1"]

1. d4 d5 2. Bg5 c6 3. e3 h6 4. Bh4 Qb6 5. b3 e5 6. Nf3 e4 7. Ne5 Be7 8. Bg3 Nf6 
9. Be2 O-O 10. O-O c5 11. Nc3 cxd4 12. Na4 Qa5 13. Qxd4 Nc6 14. Nxc6 bxc6 
15. c4 Ba6 16. Rac1 Rfd8 17. Qe5 Rd7 18. Rfd1 Rad8 19. h3 Qb4 20. Qa1 Qa5 
21. Be5 Kh7 22. Bf1 dxc4 23. Rxd7 Nxd7 24. Bxg7 f6 25. Qb1 Kxg7 26. Qxe4 Qe5 
27. Qg4+ Kh8 28. Bxc4 Bxc4 29. Rxc4 Qa1+ 30. Kh2 Ne5 31. Qh5 Nxc4 32. Qxh6+ Kg8 
33. Qg6+ Kf8 34. Qh6+ Ke8 35. Qh5+ Kd7 36. Qg4+ Kc7 37. Qxc4 Qe5+ 38. g3 Rd2 
39. Kg1 Qf5 40. Qf1 Qf3 
0-1

[Event "34th Chess Olympiad (men)"]
[Site "Istanbul"]
[Date "2000.11.09"]
[Round "12.34.2"]
[White "Crosa, Martin"]
[Black "Labib, Ibrahim Hasan"]
[WhiteElo "2242"]
[BlackElo "2426"]
[WhiteCountry "URU"]
[BlackCountry "EGY"]
[Result "1/2-1/2"]

1. e4 e5 2. Nf3 Nc6 3. Bc4 Nf6 4. d3 Be7 5. O-O O-O 6. Re1 d6 7. c3 Na5 
8. Bb5 a6 9. Ba4 b5 10. Bc2 c5 11. Nbd2 Re8 12. Nf1 h6 13. h3 Bf8 14. Ng3 Bb7 
15. Nh2 g6 16. Ng4 Nxg4 17. Qxg4 Bg7 18. Be3 Rc8 19. Rac1 h5 20. Qe2 h4 
21. Nf1 d5 22. Qg4 Bf6 23. Nh2 Rc7 24. b4 d4 25. cxd4 cxd4 26. Bd2 Nc6 
27. Bb3 Kg7 28. f4 exf4 29. Qxf4 g5 30. Qf5 Bc8 31. Qd5 Ne5 32. Qxd8 Bxd8 
33. Rxc7 Bxc7 34. Bxg5 Nxd3 35. Rf1 Be6 36. Bf6+ Kg8 37. Ng4 Bxb3 38. axb3 Rxe4 
39. Bxh4 Kf8 40. Bg5 Re1 41. Bf6 Re4 42. Rd1 Nf4 43. Nf2 Ne2+ 44. Kf1 Ng3+ 
45. Kg1 Ne2+ 46. Kf1 Ng3+ 47. Kg1 Rf4 48. Bg5 Rf5 49. Bh6+ Kg8 50. Re1 Rf6 
51. Bd2 Re6 52. Nd3 Ne2+ 53. Kf1 Ng3+ 54. Kg1 Rc6 55. Bf4 Bxf4 56. Nxf4 Rc2 
57. Rd1 Nf5 58. Nd5 Kg7 59. Rf1 Ne3 60. Nxe3 dxe3 61. Ra1 Rb2 62. Kf1 Rxb3 
63. Rxa6 Rxb4 64. Ke2 Rb2+ 65. Kxe3 Rxg2 66. Rb6 Rb2 67. Kd4 Rb3 68. h4 b4 
69. h5 Rh3 70. Rb5 b3 71. Ke4 Kh6 72. Kf4 Rc3 73. Kg4 Rc4+ 74. Kg3 Rc3+ 
75. Kg4 Rd3 76. Kh4 Rd4+ 77. Kg3 b2 78. Rxb2 Kxh5 79. Rb3 Kg5 80. Kf3 f5 
81. Kg3 f4+ 82. Kf3 Rd5 83. Ra3 Kf5 84. Rb3 Rd4 85. Rb5+ Ke6 86. Rb6+ Ke5 
87. Rb5+ Rd5 
1/2-1/2